000 01190nam a2200313 a 4500
001 000024805
005 20250701132841.0
008 110204s1971 sp a r 000 0 spa d
040 _aDO-SdBNP
_bspa
_cBNPHU
041 1 7 _aspa
_heng
_2Código de idioma MARC
082 _a330.9
_bF577c
100 1 _aFlamant, Maurice,
_d1924-
_950902
240 1 0 _aCrises et récessions économiques.
_lEspañol.
245 1 0 _aCrisis y recesiones económicas /
_cMaurice Flamant, Jeanne Singer-Kerel ; traducción F. Minguella Rubió.
260 _aBarcelona, (España) :
_bOikos-tau Ediciones,
_c1971.
300 _a126, [2] p. :
_bil. ;
_c18 cm.
490 1 _aQué sé?
_v38
534 _aTítulo original:
_tCrises et récessions économiques.
504 _aIncluye referencias bibliográficas (p. [127])
650 0 _aHistoria económica
_91620
650 4 _aEconomía
_xHistoria
_ySIGLO XIX
_950903
650 4 _aEconomía
_xHistoria
_ySIGLO XX
_950904
650 0 _aDesarrollo económico
_985548
650 4 _aEconomía internacional
_xHistoria
_950905
700 1 _aSinger-Kerel, Jeanne
_950906
700 1 _aMinguella Rubió, F.,
_etr.
_950907
830 0 _aQué sé? ;
_v38
_927270
049 _aBNGR
999 _c24298
_d24298